|
|
|
|
| LEADER |
01145nam a2200265 a 4500 |
| 001 |
GR-Patra21633 |
| 008 |
070518s1998 gr g 000 0 eng d |
| 020 |
|
|
|a 9282112268
|
| 040 |
|
|
|a GrPaTEI
|b gre
|c GR-PaULI
|
| 040 |
|
|
|a GrPaTEI
|b gre
|c GR-PaULI
|
| 050 |
|
|
|a 338.4
|b 21st ed.
|
| 082 |
|
0 |
|a 338.4
|2 21
|
| 110 |
2 |
|
|a European Conference of Ministers of Transport
|
| 245 |
1 |
0 |
|a Efficient transport for Europe :
|b policies for internalisation of external costs /
|c European Conferene of Ministers of Transport.
|
| 260 |
|
|
|a France :
|b ECMT,
|c c1998
|
| 300 |
|
|
|a 261 σ. :
|b εικ.
|
| 504 |
|
|
|a Includes bibliography: [p. 251-256] and glossary
|
| 650 |
|
0 |
|a Transportation
|x Enviromental aspects
|z Europe
|
| 650 |
|
0 |
|a Transportation
|x Social aspects
|z Europe
|
| 650 |
|
0 |
|a Transportation
|z Europe
|x Costs
|
| 650 |
|
4 |
|a Μεταφορές
|x Περιβάλλον
|z Ευρώπη
|
| 942 |
|
|
|2 ddc
|
| 952 |
|
|
|0 0
|1 0
|2 ddc
|4 0
|6 338_400000000000000_EFF
|7 0
|9 301951
|a LISK
|b LISK
|c BSC
|d 2021-01-17
|e 24
|f 0
|g 0.00
|l 0
|o 338.4 EFF
|p 92410014991
|r 2021-01-17 00:00:00
|t 1
|w 2021-01-17
|y BK15
|x 20070518 0 1
|x GrPaTEI
|
| 971 |
|
|
|a .b26692065
|b 15-04-20
|c 26-09-16
|
| 999 |
|
|
|c 175523
|d 175523
|